000 00287nam a2200109Ia 4500
008 200302s9999 xx 000 0 und d
100 _aWilson
245 _aDesigns of the World Pattern Sourcebook with free DVD -ROM
260 _bThe British Museum Press
260 _c2011
300 _a240
999 _c3368
_d3368